| 000 | 00738nam a2200241Ia 4500 | ||
|---|---|---|---|
| 003 | OSt | ||
| 005 | 20220925222156.0 | ||
| 006 | a|||||r|||| 00| 0 | ||
| 007 | ta | ||
| 008 | 220923b |||||||| |||| 00| 0 eng d | ||
| 037 | _cGeneral Book | ||
| 040 |
_aRTL _cRTL _beng |
||
| 041 |
_2eng _aeng |
||
| 082 | _aX:9.1,hN19.N7, L0 | ||
| 100 | _aJenks C. Wilfred | ||
| 245 | 0 |
_aSocial justice in the law of nations _b Internation |
|
| 260 |
_aLondon _bOxford University Press U. K. _c1970 |
||
| 300 |
_aix, 94p. Bibliography p.89-90 _ccm. |
||
| 650 |
_a Personnel Management _929105 |
||
| 650 |
_aLabour Economics _921364 |
||
| 942 |
_hX:9.1,hN19.N7, L0 _cGB _2CC |
||
| 999 |
_c576293 _d576293 |
||